000 01182pam a2200313 a 4500
001 673309
003 EG-ScBUE
005 20250617103301.0
008 951002s1996 enka f b 001 0 eng d
020 _a0521410061 (hardback)
020 _a9780521410069
040 _aDLC
_beng
_erda
_cDLC
_dDLC
_dEG-ScBUE
082 0 4 _a538.7
_222
_bBAC
100 1 _aBackus, George,
_eauthor.
_97168
245 1 0 _aFoundations of geomagnetism /
_cGeorge Backus, Robert Parker, Catherine Constable.
264 1 _aCambridge :
_bCambridge University Press,
_c1996.
300 _axiv, 369 pages :
_billustrations ;
_c24 cm
336 _2rdacontent
_atext
_btxt
337 _aunmediated
_2rdamedia
_bn
338 _avolume
_bnc
_2rdacarrier
504 _aIncludes bibliographical references and index.
650 7 _aGeomagnetism.
_2BUEsh
_97169
655 _vReading book
700 1 _aParker, Robert L.
_q(Robert Ladislav),
_d1942-
_eauthor.
_97170
700 1 _aConstable, Catherine,
_eauthor.
_97171
856 4 1 _3Table of contents
_uhttp://www.loc.gov/catdir/toc/cam023/95044208.html
856 4 2 _3Publisher description
_uhttp://www.loc.gov/catdir/description/cam027/95044208.html
942 _2ddc
_cBB
999 _c12095
_d12095